Pokémon - Les attaques de Vert-de-Fer - Statistiques

Statistiques générales
  • Ce quiz a été pris 13 fois
  • Le résultat moyen est 10 sur 19
Statistiques - réponses
Niveaux Types Noms des attaques % Correct
Départ Électrique Champ Électrifié
83%
Niveau 35 Normal Danse Lames
83%
Niveau 49 Plante Lame Feuille
83%
Niveau 63 Combat Close Combat
67%
Niveau 42 Combat Lame Sainte
67%
Niveau 91 Plante Lame Solaire
67%
Niveau 77 Insecte Mégacorne
67%
Niveau 28 Ténèbres Tranche-Nuit
67%
Départ Normal Vive-Attaque
67%
Niveau 7 Plante Feuille Magik
50%
Niveau 56 Psy Lame Psychique
50%
Départ Normal Coup d'Main
33%
Départ Normal Groz'Yeux
33%
Niveau 21 Combat Prévention
33%
Départ Normal Rengorgement
33%
Niveau 14 Normal Vengeance
33%
Départ Ténèbres À la Queue
17%
Niveau 84 Psy Interversion
17%
Niveau 70 Psy Possessif
17%
Aucun quiz correspondant
Distribution des résultats
% des personnes avec chaque résultat
Percentile par nombre de réponses
Votre historique - résultats
Vous n’avez pas pris ce quiz